It looks like you're offline.
Open Library logo
additional options menu

MARC Record from Scriblio

Record ID marc_records_scriblio_net/part01.dat:111966528:889
Source Scriblio
Download Link /show-records/marc_records_scriblio_net/part01.dat:111966528:889?format=raw

LEADER: 00889cam 2200289 a 4500
001 00698929
003 DLC
005 20001018160034.0
008 000729s1998 njua c 000 0ceng d
010 $a 00698929
035 $a(OCoLC)ocm41485793
040 $aGRZ$cGRZ$dDLC
041 0 $aeng$fheb
042 $alccopycat$alcac
020 $a0881256005
050 00 $aBM750$b.S32 1998
082 00 $a296/.092/2$aB$221
100 1 $aScharfstein, Sol,$d1921-
245 10 $aTorah teachers and you /$cby Sol Scharfstein ; illustrated by Arthur Freedman [sic].
260 $aHoboken, N.J. :$bKtav,$cc1998.
300 $a109 p. :$bcol. ill. ;$c28 cm.
546 $aTable of contents in English and Hebrew.
650 0 $aRabbis$vBiography$vJuvenile literature.
650 0 $aJews$xHistory$vJuvenile literature.
650 1 $aRabbis.
650 1 $aJews$xHistory.
700 1 $aFriedman, Arthur,$eill.